| 000 | 01768nam a22003134i 4500 | ||
|---|---|---|---|
| 999 |
_c64355 _d64355 |
||
| 001 | 768714001 | ||
| 003 | CO-MdFUSB | ||
| 005 | 20180811064917.0 | ||
| 008 | 180808t1969 sp ||||| |||| 00| 0 spa d | ||
| 040 |
_aCO-MdFUSB _bspa _cCO-MdFUSB _dCO-MdFUSBC _erda |
||
| 041 | _aspa | ||
| 082 |
_223 _a229.73 _bSCH365 |
||
| 100 |
_aSchoenberg, Martin _eautor |
||
| 240 | _aOld Testament Reading Gude : First Maccabees Second Maccabees | ||
| 245 |
_aMacabeos _c/ Martin Schoenberg ; traductor Gregorio Gil |
||
| 264 | 1 |
_aEspaña : _bSalterrae, _c℗[1970]. |
|
| 264 | 4 | _c©1970. | |
| 300 |
_a173 páginas _c; 17 cm |
||
| 336 |
_2rdacontent _atexto _btxt |
||
| 337 |
_2rdamedia _asin mediación _bn |
||
| 338 |
_2rdacarrier _avolumen _bnc |
||
| 490 | 1 | _aConoce la biblia : Antiguo Testamento. | |
| 505 |
_tLos libros de los Macabeos. -- _tLibro primero de los Macabeos. -- _tLibro segundo de los Macabeos. -- _tPasaje de 2 Macabeos usados como epístolas en la misa. -- _tPasaje de 1 Macabeo usados como lecciones del breviario. -- _tTemas para repaso y discusión. -- _tAbreviaturas. -- _aIntroducción: helenismo en Asia Menor (1 Mac 1,1-2,70) -- Parte l: guerra por la independencia bajo Judas Macabeo (3,1 - 9,22) -- Parte ll: Jonatán como lider (9,23 - 12,54) -- Parte lll: la lucha bajo Simón (13,1-13-24) -- Apendices (14,16 - 16,24) -- Introducción (1,1 - 2,32) -- Parte l: acontecimientos que precedieron a la purificación del Templo (3,1 - 10,8) -- Parte ll: Escaramuzas diversas que preceden al Día de Nicanor (10,9 - 15,36) -- Epílogo del autor (15,37-39) |
||
| 563 | _aTapa rústica | ||
| 630 | 0 | 7 |
_aBiblia. _pMacabeos, 1° y 2° |
| 700 |
_aGil, Gregorio _etraductor _91306 |
||
| 830 |
_aConoce la biblia : Antiguo Testamento _n, No. 13 |
||
| 942 | _cBK | ||